[Event "AUTO-INT-3922"]
[Site "http://www.queenalice.com/game.php?id=1853690"]
[Date "2025.3.10"]
[Round "1"]
[White "renet54"]
[Black "Daniel1962"]
[Result "1-0"]
[WhiteElo "1534"]
[BlackElo "1693"]

1. d4 d5 2. Bf4 Nc6 3. Nf3 Bf5 4. e3 Nf6 5. c3 Ne4 6. Bb5 Qd7 7. Ne5 Qe6 8. O-O
Nd6 9. Na3 Nxb5 10. Nxb5 O-O-O 11. Nxc6 Qxc6 12. Nxa7+ Kb8 13. Nxc6+ bxc6 14.
Qb3+ Kc8 15. Qa4 f6 16. Qxc6 e5 17. dxe5 fxe5 18. Bxe5 Bd6 19. Bxg7 Rhg8 20. Bf6
Rd7 21. Qa8# 1-0

[Event "AUTO-INT-3922"]
[Site "http://www.queenalice.com/game.php?id=1853697"]
[Date "2025.3.10"]
[Round "1"]
[White "renet54"]
[Black "zmanomega"]
[Result "0-1"]
[WhiteElo "1578"]
[BlackElo "1683"]

1. d4 Nc6 2. Nf3 h6 3. e3 d5 4. c3 Bf5 5. Bd3 e6 6. Nbd2 Bxd3 7. Nb3 Be4 8. O-O
Nf6 9. Qe2 Bd6 10. Rd1 g5 11. Nbd2 Bxf3 12. Nxf3 g4 13. Nd2 h5 14. b4 e5 15.
dxe5 Bxe5 16. Bb2 h4 17. Rab1 Qd6 18. c4 Bxh2+ 19. Kf1 dxc4 20. Nxc4 Qe6 21. Qd3
g3 22. Bxf6 Qxf6 23. Qd7+ Kf8 24. Rd2 Rd8 25. Qxc7 Rxd2 26. Qc8+ Kg7 27. Qg4+
Kf8 28. Nxd2 Qxf2# 0-1

[Event "AUTO-INT-3922"]
[Site "http://www.queenalice.com/game.php?id=1853698"]
[Date "2025.3.10"]
[Round "1"]
[White "zmanomega"]
[Black "renet54"]
[Result "0-1"]
[WhiteElo "1705"]
[BlackElo "1556"]

1. e4 e5 2. Bc4 Nf6 3. Nc3 Bc5 4. h3 O-O 5. Nge2 d6 6. f3 Nc6 7. a3 Be6 8. Bb5
Qd7 9. b4 Bb6 10. a4 Rfe8 11. Nd5 Bxd5 12. exd5 Nxd5 13. c3 e4 14. a5 exf3 15.
gxf3 Qf5 16. Rf1 Qxh3 17. axb6 cxb6 18. d3 Nxc3 19. Qc2 Rxe2+ 20. Qxe2 Nxe2 21.
Kxe2 Qg2+ 22. Rf2 Re8+ 23. Be3 Nd4+ 0-1

[Event "AUTO-INT-3904"]
[Site "http://www.queenalice.com/game.php?id=1853729"]
[Date "2025.3.12"]
[Round "2"]
[White "hjs50667"]
[Black "renet54"]
[Result "1-0"]
[WhiteElo "2185"]
[BlackElo "1566"]

1. d4 d5 2. c4 e6 3. Nc3 c6 4. Nf3 Bd6 5. e3 Nf6 6. Bd3 O-O 7. O-O Na6 8. c5
Nxc5 9. dxc5 Bc7 10. b4 b6 11. cxb6 axb6 12. Qc2 Qd6 13. b5 c5 14. e4 dxe4 15.
Nxe4 Nxe4 16. Bxe4 Rb8 17. Rd1 Qe7 18. Bxh7+ Kh8 19. Bg5 f6 20. Nh4 fxg5 21.
Ng6+ Kxh7 22. Nxe7+ Kh6 23. Qg6# 1-0

[Event "AUTO-INT-3904"]
[Site "http://www.queenalice.com/game.php?id=1853730"]
[Date "2025.3.12"]
[Round "2"]
[White "renet54"]
[Black "hjs50667"]
[Result "0-1"]
[WhiteElo "1547"]
[BlackElo "2193"]

1. d4 Nf6 2. e3 d5 3. c3 Bf5 4. Nf3 e6 5. Bd3 c6 6. O-O Nbd7 7. Bxf5 exf5 8. Re1
Bd6 9. e4 fxe4 10. Nfd2 O-O 11. Nf1 Qc7 12. Ng3 Rae8 13. Be3 h5 14. Nxh5 Bxh2+
15. Kf1 Nxh5 16. Qxh5 Bf4 17. Nd2 Re6 18. Ke2 Rh6 19. Qg4 Bxe3 20. Kxe3 c5 21.
Rh1 cxd4+ 22. cxd4 Qc2 23. Rxh6 Qd3+ 24. Kf4 Qxd2+ 25. Kg3 Qxh6 26. Qxd7 Qc6 27.
Qg4 Qh6 28. Rd1 f5 29. Qe2 g5 30. Qb5 Qh4# 0-1

[Event "AUTO-INT-3909"]
[Site "http://www.queenalice.com/game.php?id=1853991"]
[Date "2025.3.16"]
[Round "2"]
[White "renet54"]
[Black "StepPhil"]
[Result "1-0"]
[WhiteElo "1674"]
[BlackElo "1691"]

1. d4 d5 2. e3 a6 3. c4 c6 4. Nc3 e6 5. Nf3 f6 6. Bd3 Bb4 7. cxd5 exd5 8. O-O
Be6 9. Bd2 b5 10. Qe2 g5 11. a3 Bd6 12. b4 Qc7 13. Rac1 g4 14. Ne5 fxe5 15. dxe5
Bxe5 16. e4 d4 17. Nd5 Bxh2+ 18. Kh1 Be5 19. Nxc7+ Bxc7 20. f3 g3 21. f4 h5 22.
f5 Bf7 23. e5 Bc4 24. Bxc4 bxc4 25. Rxc4 Ne7 26. Rxd4 Nd7 27. f6 Nd5 28. Qc4
Bxe5 29. Qxc6 Nb6 30. f7+ Kf8 31. Rxd7 Nxd7 32. Qxa8+ Nb8 33. Bf4 Bd4 34. Qxb8+
Kg7 35. Bh6+ Kxh6 36. Qf4+ 1-0

[Event "AUTO-INT-3909"]
[Site "http://www.queenalice.com/game.php?id=1853992"]
[Date "2025.3.16"]
[Round "2"]
[White "StepPhil"]
[Black "renet54"]
[Result "1-0"]
[WhiteElo "1659"]
[BlackElo "1691"]

1. e4 d6 2. h3 e5 3. Bc4 Nc6 4. a3 Nf6 5. Qf3 Be7 6. Ne2 O-O 7. O-O Na5 8. Ba2
Nc6 9. c3 Be6 10. Bxe6 fxe6 11. Qe3 Qd7 12. g4 Qe8 13. d3 Nxg4 14. hxg4 Qg6 15.
f3 Rae8 16. Nd2 Bg5 17. Qf2 Ne7 18. Qg3 Rf6 19. Nc4 Qh6 20. Bxg5 Qxg5 21. Kg2
Ng6 22. Rh1 b5 23. Na5 Ref8 24. Raf1 Qd2 25. Rf2 Qxd3 26. Nc1 Nf4+ 27. Qxf4 Rxf4
28. Nxd3 h6 29. Nxf4 Rxf4 30. Nc6 Kf7 31. Nxa7 d5 32. Nxb5 dxe4 33. fxe4 Rxf2+
34. Kxf2 Kg6 35. Rh5 c6 36. Nd6 Kf6 37. a4 Kg6 38. a5 c5 39. a6 1-0

[Event "AUTO-INT-3909"]
[Site "http://www.queenalice.com/game.php?id=1853993"]
[Date "2025.3.16"]
[Round "2"]
[White "renet54"]
[Black "hjs50667"]
[Result "0-1"]
[WhiteElo "1626"]
[BlackElo "2207"]

1. d4 Nf6 2. Nf3 g6 3. e3 Bg7 4. b3 O-O 5. Bb2 d5 6. Bd3 c5 7. O-O Nc6 8. Nbd2
cxd4 9. exd4 Nb4 10. Qe2 Nxd3 11. Qxd3 Bf5 12. Qe2 Bxc2 13. Rac1 Bf5 14. Rfe1
Re8 15. Ng5 h6 16. Nxf7 Kxf7 17. Nf3 Qd6 18. g3 Kg8 19. Nh4 e6 20. Nxf5 exf5 21.
Qd2 Ne4 22. Qd3 Kh7 23. b4 Qxb4 24. Rb1 Nxf2 25. Kxf2 Rxe1 26. Rxe1 Qxb2+ 27.
Kf3 Qxd4 28. Qxd4 Bxd4 29. Re7+ Kg8 30. Rxb7 Bb6 31. Kf4 Re8 32. a4 d4 33. a5
Bxa5 34. Rxa7 Bd2+ 0-1

[Event "AUTO-INT-3909"]
[Site "http://www.queenalice.com/game.php?id=1853994"]
[Date "2025.3.16"]
[Round "2"]
[White "hjs50667"]
[Black "renet54"]
[Result "1-0"]
[WhiteElo "2191"]
[BlackElo "1549"]

1. e4 e6 2. d4 d5 3. Nc3 Bb4 4. e5 Nc6 5. a3 Be7 6. Qg4 Bd7 7. Qxg7 Bf8 8. Qxh8
Nxd4 9. Bd3 Qe7 10. Qxg8 O-O-O 11. Bg5 Qc5 12. Bxd8 Kxd8 13. Qxf7 Bh6 14. Qf6+
Ke8 15. Qxh6 Nc6 16. Nf3 d4 17. Ne4 Qb6 18. Nf6+ Kd8 19. Qf8+ Be8 20. Qxe8# 1-0

[Event "AUTO-INT-3923"]
[Site "http://www.queenalice.com/game.php?id=1854073"]
[Date "2025.3.17"]
[Round "1"]
[White "renet54"]
[Black "game"]
[Result "1-0"]
[WhiteElo "1624"]
[BlackElo "1528"]

1. d4 d5 2. e3 Nc6 3. Nf3 Bf5 4. c4 e6 5. Be2 Nf6 6. O-O Nb4 7. Qa4+ c6 8. Qb3
Nc2 9. Qxb7 Nxa1 10. Qxc6+ Nd7 11. cxd5 Be7 12. Ne5 Bxb1 13. Bb5 O-O 14. Nxd7
Rc8 15. Nf6+ Bxf6 16. Qa6 exd5 17. b3 Bh4 18. Ba3 Be4 19. Bxf8 Kxf8 20. f3 Bxf3
21. Rxf3 Bg5 22. Qxa7 f6 23. Rh3 Rc1+ 24. Kf2 Rc2+ 25. Kf3 h6 26. Qa3+ Kf7 27.
Bd3 Rd2 28. Qa7+ Ke8 29. Bg6+ Kf8 30. Qf7# 1-0

[Event "AUTO-INT-3923"]
[Site "http://www.queenalice.com/game.php?id=1854074"]
[Date "2025.3.17"]
[Round "1"]
[White "game"]
[Black "renet54"]
[Result "0-1"]
[WhiteElo "1556"]
[BlackElo "1593"]

1. e4 e5 2. Nf3 Nc6 3. Bc4 Nf6 4. d3 Bc5 5. Ng5 d5 6. Bb5 O-O 7. O-O Bg4 8. Qd2
Qd6 9. Qd1 Bxd1 10. Rxd1 Bxf2+ 11. Kxf2 Qc5+ 12. d4 Nxd4 13. Nc3 Nxc2+ 14. Be3
Nxe3 15. Re1 Nc2+ 16. Kg3 Nxe1 17. Rxe1 d4 18. Nd5 Qxb5 19. Nxc7 Qd3+ 20. Nf3
Nxe4+ 21. Kh3 h5 22. Nxa8 Rxa8 23. Kh4 g6 24. Nxe5 Qd2 25. Rxe4 Qxg2 26. Rxd4
Qxh2+ 27. Kg5 Qxe5+ 0-1

[Event "AUTO-INT-3923"]
[Site "http://www.queenalice.com/game.php?id=1854075"]
[Date "2025.3.17"]
[Round "1"]
[White "renet54"]
[Black "ChessColossos"]
[Result "0-1"]
[WhiteElo "1667"]
[BlackElo "1734"]

1. d4 d5 2. e3 Nf6 3. Nf3 Bg4 4. Be2 e6 5. c4 Be7 6. O-O c6 7. Nc3 O-O 8. Ne5
Bxe2 9. Qxe2 Nbd7 10. f4 Nxe5 11. fxe5 Nd7 12. cxd5 exd5 13. e4 dxe4 14. Qxe4
Bb4 15. Bd2 Re8 16. Qf4 Qe7 17. Rf2 f6 18. Re1 fxe5 19. dxe5 Bc5 20. Be3 Bxe3
21. Rxe3 Rf8 22. Qc4+ Kh8 23. Rh3 Rxf2 24. Kxf2 Nxe5 25. Qb3 Rf8+ 26. Kg1 Qc5+
0-1

[Event "AUTO-INT-3923"]
[Site "http://www.queenalice.com/game.php?id=1854076"]
[Date "2025.3.17"]
[Round "1"]
[White "ChessColossos"]
[Black "renet54"]
[Result "0-1"]
[WhiteElo "1759"]
[BlackElo "1641"]

1. e4 e5 2. f4 d6 3. d4 f6 4. f5 Nd7 5. Nf3 b6 6. Bb5 Bb7 7. d5 Ne7 8. Qe2 c6 9.
dxc6 Nxc6 10. Nc3 Be7 11. Qc4 Rc8 12. Bxc6 Rxc6 13. Qb3 Nc5 14. Qb5 O-O 15. Bd2
Qc7 16. Qe2 Re8 17. O-O-O Ba6 18. Qf2 Nxe4 19. Nxe4 Rxc2+ 20. Kb1 Bd3 21. Ka1
Bxe4 22. Rc1 b5 23. Rxc2 Bxc2 24. Rc1 Qc4 25. Ne1 Qa4 26. Rxc2 d5 27. Rc7 Bb4
28. Bxb4 Qd1+ 0-1

[Event "AUTO-INT-3923"]
[Site "http://www.queenalice.com/game.php?id=1854077"]
[Date "2025.3.17"]
[Round "1"]
[White "renet54"]
[Black "Carlos19"]
[Result "1-0"]
[WhiteElo "1621"]
[BlackElo "1633"]

1. d4 d5 2. e3 Nc6 3. Nf3 Nf6 4. Bd3 g6 5. Nc3 Nb4 6. O-O Nxd3 7. Qxd3 Bf5 8.
Qb5+ c6 9. Qxb7 Qc8 10. Qb3 e6 11. Bd2 Rb8 12. Qa4 Nd7 13. Rae1 Ra8 14. e4 dxe4
15. Nxe4 e5 16. dxe5 Bg4 17. Qc4 Bxf3 18. gxf3 h5 19. Ng5 Nxe5 20. Rxe5+ Kd7 21.
Qxf7+ Kd6 22. Ne4+ Kxe5 23. Qf6+ Kd5 24. Rd1 Bc5 25. Be3+ Kc4 26. Qc3+ Kb5 27.
Qxc5+ Ka6 28. Nd6 Qc7 29. Rd3 Rhb8 30. Ra3+ 1-0

[Event "AUTO-INT-3923"]
[Site "http://www.queenalice.com/game.php?id=1854078"]
[Date "2025.3.17"]
[Round "1"]
[White "Carlos19"]
[Black "renet54"]
[Result "0-1"]
[WhiteElo "1623"]
[BlackElo "1587"]

1. e4 e5 2. Nf3 Nc6 3. Bc4 Nf6 4. Ng5 Bc5 5. Nxf7 Qe7 6. Nxh8 d5 7. exd5 Na5 8.
b3 Nxc4 9. bxc4 Bxf2+ 10. Kxf2 Ne4+ 11. Ke3 Bf5 12. g4 Bg6 13. Nxg6 hxg6 14.
Kxe4 O-O-O 15. a4 Qg5 16. d3 Qe7 17. Ba3 Qg5 18. Rf1 Re8 19. Rf8 Rxf8 20. Bxf8
Qf4# 0-1

[Event "Challenge"]
[Site "http://www.queenalice.com/game.php?id=1854417"]
[Date "2025.3.24"]
[Round "-"]
[White "renet54"]
[Black "Mr_SPOCK"]
[Result "1-0"]
[WhiteElo "1656"]
[BlackElo "1717"]

1. d4 d5 2. Nf3 Nf6 3. e3 Ne4 4. Bd3 Nc6 5. c3 Bg4 6. O-O e6 7. Nbd2 Ng5 8. Qb3
b6 9. Bb5 Qd6 10. c4 Be7 11. c5 bxc5 12. dxc5 Qd7 13. Ne5 Qc8 14. Nxg4 O-O 15.
Bxc6 Rb8 16. Qc3 f6 17. Nxf6+ Bxf6 18. Qd3 d4 19. exd4 Rb4 20. Ne4 Bxd4 21. Bxg5
h6 22. Rab1 hxg5 23. Nxg5 Rf5 24. a3 Rxg5 25. axb4 Qf8 26. Qxd4 Qf5 27. Qd8+ Kh7
28. Rbe1 e5 29. Be4 Rxg2+ 30. Kh1 g6 31. Bxf5 gxf5 32. Kxg2 Kg6 33. Rxe5 c6 34.
Qd6+ Kg5 35. f4+ Kg4 36. Qg6+ Kh4 37. Qg5# 1-0

[Event "AUTO-INT-3924"]
[Site "http://www.queenalice.com/game.php?id=1854458"]
[Date "2025.3.24"]
[Round "1"]
[White "game"]
[Black "renet54"]
[Result "0-1"]
[WhiteElo "1469"]
[BlackElo "1638"]

1. e4 d6 2. Bc4 e6 3. Nf3 b6 4. d4 Bb7 5. d5 exd5 6. exd5 Nf6 7. Nc3 Be7 8. O-O
Nbd7 9. Re1 O-O 10. Re2 Re8 11. Bd3 Nc5 12. Ne4 Ncxe4 13. Bb5 c6 14. Bd3 cxd5
15. Bb5 Rf8 16. Bd3 Re8 17. Bb5 Rf8 18. Ng5 Nxg5 19. Bxg5 a6 20. Bd3 Qd7 21. Qe1
Qc6 22. Rxe7 d4 23. Bxf6 Qxg2# 0-1

[Event "AUTO-INT-3924"]
[Site "http://www.queenalice.com/game.php?id=1854459"]
[Date "2025.3.24"]
[Round "1"]
[White "renet54"]
[Black "game"]
[Result "1-0"]
[WhiteElo "1647"]
[BlackElo "1479"]

1. d4 d5 2. Nf3 Nf6 3. e3 e5 4. c3 e4 5. Ne5 Nc6 6. Bb5 Bd6 7. O-O O-O 8. Nxc6
Qe8 9. Na3 bxc6 10. Qa4 Bd7 11. Nc2 cxb5 12. Qb3 b4 13. Nxb4 Rb8 14. Bd2 a5 15.
Qc2 axb4 16. f3 Qc8 17. fxe4 Ng4 18. exd5 Bf5 19. Rxf5 Bxh2+ 20. Kf1 Re8 21. Rh5
Bg3 22. Qxh7+ Kf8 23. Qh8+ Ke7 24. Qxg7 Qe6 25. dxe6 Kxe6 26. Qxg4+ f5 27. Qxg3
Rg8 28. Qe5+ Kf7 29. Rxf5+ Kg6 30. Qf6+ Kh7 31. Rh5# 1-0

[Event "AUTO-INT-3924"]
[Site "http://www.queenalice.com/game.php?id=1854470"]
[Date "2025.3.24"]
[Round "1"]
[White "Yanni"]
[Black "renet54"]
[Result "0-1"]
[WhiteElo "1422"]
[BlackElo "1674"]

1. e4 d6 2. Nc3 e5 3. Nd5 Be6 4. Bc4 Nf6 5. Nf3 Be7 6. d3 Nxd5 7. Bb5+ c6 8. Bc4
Qd7 9. h3 O-O 10. h4 Bg4 11. Bxd5 cxd5 12. Bh6 dxe4 13. Qd2 exf3 14. gxf3 Bxf3
15. Rg1 Bxh4 16. Qe3 Qc6 17. d4 Nd7 18. c3 Rae8 19. Kd2 Qb6 20. Qxf3 Qxb2+ 21.
Kd3 e4+ 22. Qxe4 Rxe4 23. Kxe4 Re8+ 24. Kd5 Qxc3 25. Rxg7+ Kh8 26. Rag1 Qc6# 0-1

[Event "AUTO-INT-3924"]
[Site "http://www.queenalice.com/game.php?id=1854471"]
[Date "2025.3.24"]
[Round "1"]
[White "renet54"]
[Black "Yanni"]
[Result "1-0"]
[WhiteElo "1659"]
[BlackElo "1389"]

1. d4 d5 2. Nf3 h6 3. e3 Bf5 4. c3 Nc6 5. Bd3 Bg4 6. O-O Nf6 7. Nbd2 g5 8. Qb3
Bh3 9. Re1 g4 10. Qxb7 Na5 11. Qa6 c6 12. Ne5 Rc8 13. b4 g3 14. gxh3 Nh5 15.
Qxa7 Ra8 16. Qc5 e6 17. Nxc6 Qd7 18. Ne5 Qd8 19. Qb5+ Ke7 20. bxa5 Kf6 21. Ng4+
Kg7 22. e4 Rxa5 23. Qb3 Nf4 24. fxg3 Nxh3+ 25. Kg2 Ng5 26. e5 h5 27. Qd1 hxg4
28. Qxg4 Kg8 29. Nf3 f5 30. Bxg5 Be7 31. Bxe7+ Kf7 32. Qg5 Qg8 33. Qf6+ Ke8 34.
Rab1 Kd7 35. Rb7+ Kc6 36. Reb1 Rxh2+ 37. Nxh2 Ra7 38. Bxf5 Rxb7 39. Rxb7 Kxb7
40. Bc5 Ka6 41. Bxe6 Qb8 42. Bxd5+ Kb5 43. Qc6+ Ka5 44. Bb4+ Qxb4 45. cxb4+ Kxb4
46. Qc5+ Ka4 47. Bb3# 1-0

[Event "Challenge"]
[Site "http://www.queenalice.com/game.php?id=1854747"]
[Date "2025.3.31"]
[Round "-"]
[White "Mr_SPOCK"]
[Black "renet54"]
[Result "1-0"]
[WhiteElo "1731"]
[BlackElo "1654"]

1. e4 e5 2. Qh5 Nc6 3. Bc4 d5 4. exd5 Na5 5. Qxe5+ Ne7 6. Bb5+ Bd7 7. Nc3 Rg8 8.
Nf3 g6 9. d4 Bg7 10. Qe3 Bxb5 11. Nxb5 Qxd5 12. Nxc7+ Kf8 13. Nxd5 Re8 14. Qa3
Nc6 15. O-O Rh8 16. Nc7 Rc8 17. Nd5 Nxd4 18. Qxe7+ Kg8 19. Ng5 1-0

[Event "Challenge"]
[Site "http://www.queenalice.com/game.php?id=1855002"]
[Date "2025.4.4"]
[Round "-"]
[White "renet54"]
[Black "Mr_SPOCK"]
[Result "1-0"]
[WhiteElo "1640"]
[BlackElo "1712"]

1. d4 Nf6 2. Bf4 e6 3. e3 Bb4+ 4. c3 Bd6 5. Bg3 Ne4 6. Nf3 c5 7. Bd3 cxd4 8.
Bxe4 O-O 9. Qxd4 Bxg3 10. hxg3 d5 11. Bxh7+ Kh8 12. Nbd2 Nc6 13. Qg4 g6 14.
Bxg6+ Kg7 15. Bf5+ Kf6 16. Qg5# 1-0

[Event "AUTO-INT-3925"]
[Site "http://www.queenalice.com/game.php?id=1855021"]
[Date "2025.4.5"]
[Round "1"]
[White "renet54"]
[Black "game"]
[Result "0-1"]
[WhiteElo "1662"]
[BlackElo "1520"]

1. d4 d5 2. Bf4 Nc6 3. Nf3 Bf5 4. Nc3 Nb4 5. Bxc7 Qxc7 6. e4 Bxe4 7. Nb5 Nxc2+
8. Kd2 Qa5+ 9. Kc1 Nxa1 10. Ng5 Bc2 11. Qf3 Qe1+ 0-1